01646nam a2200409 i 450000100060000000300080000600500170001400600190003100700150005000800410006502000180010603500220012404000310014604300120017705000210018908000110021008200160022110000290023724501560026626400480042230000410047033600290051133700330054033800390057349000520061258800830066459001620074765100370090965100360094665100360098265100400101865500270105879700180108583000530110385600630115699900170121924277FINmELB20241216214144.0m o u cr cn|||||||||210730s2015 mx o 000 0 spa d z9786079704834 a(OCoLC)1269023252 aFINmELBbspaerdacFINmELB aa-ph---14aDS674bC419 2015 a94(59)04a959.9022231 aCervera, José Antonio.10aCartas del Parián :blos chinos de Manila a finales del siglo XVI a través de los ojos de Juan Cobo y Domingo de Salazar /cJosé Antonio Cervera. 1aMéxico, D.F. :bPalabra de Clío,c2015. a1 recurso en línea (200 páginas) atextobtxt2rdamedia/spa acomputadorabc2rdamedia/spa arecurso en línea2rdacarrier/spa1 aColección "El Pacífico, un mar de historia" aDescripción basada en metadatos suministrados por el editor y otras fuentes. aRecurso electrónico. Santa Fe, Arg.: elibro, 2021. Disponible vía World Wide Web. El acceso puede estar limitado para las bibliotecas afiliadas a elibro. 0aPhilippinesxHistoryy1521-1812. 0aSpainxColonieszAsiaxHistory. 4aFilipinasxHistoriay1521-1812. 4aEspañaxColoniaszAsiaxHistoria. 4aLibros electrónicos.2 aelibro, Corp. 0aColección "El Pacífico, un mar de historia".40uhttps://elibro.net/ereader/politecnicointernacional/128376 c24277d24277